Spanish Nouns: People and Family - Statistics

General Stats
  • This quiz has been taken 153 times
    9 since last reset
  • The average score is 178 of 500
Answer Stats
Español English % Correct
Agente Agent
80%
Chico/Muchacho Boy
80%
Hermano Brother
80%
Cuñado Brother-in-law
80%
Carácter/Personaje Character
80%
Hija Daughter
80%
Doctor(a)/Galeno Doctor
80%
Experto/Experta Expert
80%
Jardinero Gardener
80%
Chica/Muchacha Girl
80%
Padrino Godfather
80%
Marido/Esposo Husband
80%
Investigador/Investigadora Investigator
80%
Madre Mother
80%
Sobrina Niece
80%
Oponente Opponent
80%
Persona Person
80%
Piloto/Pilota Pilot
80%
Reina Queen
80%
Rapero/Rapera Rapper
80%
Hermana Sister
80%
Hijo Son
80%
Espía Spy
80%
Gemelo/Gemela Twin
80%
Ganador/Ganadora Winner
80%
Escritor/Escritora Writer
80%
Activista Activist
60%
Actor/Actriz (female) Actor
60%
Adulto/Adulta Adult
60%
Embajador/Embajadora Ambassador
60%
Antagonista Antagonist
60%
Antropólogo/Antropóloga Anthropologist
60%
Arquitecto/Arquitecta Architect
60%
Artista Artist
60%
Asistente Assistant
60%
Asociados Associates
60%
Astronauta Astronaut
60%
Atleta Athlete
60%
Tía Aunt
60%
Autor/Autora Author
60%
Bebé Baby
60%
Panadero/Panadera Baker
60%
Barbero(a)/Peluquero(a) Barber
60%
Mejor amigo(a) Best friend
60%
Billonario/Billonaria Billionaire
60%
Biólogo/Bióloga Biologist
60%
Jefe/Jefa/Manda Boss
60%
Novio (also groom) Boyfriend
60%
Caníbal Cannibal
60%
Capitán/Capitana Captain
60%
Carpintero/Carpintera Carpenter
60%
Celebridad Celebrity
60%
Campeón/Campeona Champion
60%
Cocinero/Cocinera Chef
60%
Niño Child
60%
Ciudadano/Ciudadana Citizen
60%
Compañero(a) de clase Classmate
60%
Entrenador/Entrenadora (also trainer) Coach
60%
Colonista/Colonizador(a) (also colonizer) Colonist
60%
Primo/Prima Cousin
60%
Vaquero/Pistolero Cowboy
60%
Creador/Creadora Creator
60%
Criminal Criminal
60%
Ciclista Cyclist
60%
Papá/Papi Daddy
60%
Defensor/Defensora Defender
60%
Dentista Dentist
60%
Dictador/Dictadora Dictator
60%
Economista Economist
60%
Editor(a)/Redactor(a)/Revisor(a) (also reviewer) Editor
60%
Electricista Electrician
60%
Emigrante Emigrant
60%
Empleado/Empleada Employee
60%
Enemigo/Enemiga Enemy
60%
Ingeniero/Ingeniera Engineer
60%
Ejecutivo/Ejecutiva Executive
60%
Exorcista Exorcist
60%
Exterminador/Exterminadora Exterminator
60%
Extremista Extremist
60%
Extrovertido/Extrovertida Extrovert
60%
Familia Family
60%
Fanático/Fanática Fanatic
60%
Granjero/Agricultor(a) Farmer
60%
Padre Father
60%
Suegro Father-in-law
60%
Luchador(a)/Peleador(a) Fighter
60%
Bombero Firefighter
60%
Pescador/Pescadora (female) Fisherman
60%
Amigo/Amiga Friend
60%
Fugitivo/Fugitiva Fugitive
60%
Gladiador/Gladiadora Gladiator
60%
Gobernador/Gobernadora Governor
60%
Nietos Grandchildren
60%
Nieta Granddaughter
60%
Abuelo Grandfather
60%
Abuela Grandmother
60%
Nieto Grandson
60%
Guardián/Guardiana Guardian
60%
Hackeador/Hackeadora Hacker
60%
Héroe Hero
60%
Cazador/Cazadora Hunter
60%
Inmigrante Immigrant
60%
Introvertido/Introvertida Introvert
60%
Periodista Journalist
60%
Pibe Kid
60%
Rey King
60%
Abogado(a)/Letrado(a) Lawyer
60%
Líder Leader
60%
Legislador/Legisladora Legislator
60%
Bibliotecario/Bibliotecaria Librarian
60%
Perdedor/Perdedora Loser
60%
Biólogo(a) marino Marine biologist
60%
Mecánico/Mecánica Mechanic
60%
Meteorólogo (also forecaster, weatherman/woman) Meteorologist
60%
Migrante Migrant
60%
Millonario/Millonaria Millionaire
60%
Ministro/Ministra Minister
60%
Señora/Señorita (young)/Doña (also madam) Miss
60%
Mamá/Mami Mommy
60%
Suegra Mother-in-law
60%
Asesino (also assassin, killer) Murderer
60%
Sobrino Nephew
60%
Enfermera/Enfermero Nurse
60%
Padres Parents
60%
Participante Participant
60%
Pasajero/Pasajera Passenger
60%
Paciente Patient
60%
Patriarca Patriarch
60%
Patriota Patriot
60%
Perfeccionista Perfectionist
60%
Farmaceuta Pharmacist
60%
Filósofo/Filósofa Philosopher
60%
Fotógrafo/Fotógrafa Photographer
60%
Pirata Pirate
60%
Jugador/Jugadora Player
60%
Poeta/Poetisa Poet
60%
Policía Police
60%
Presidente/Presidenta President
60%
Primer Ministro Prime Minister
60%
Príncipe Prince
60%
Princesa Princess
60%
Director(a) escolar Principal
60%
Prisionero(a)/Preso Prisoner
60%
Prostituta/Prostituto Prostitute
60%
Protagonista Protagonist
60%
Protector/Protectora Protector
60%
Psicólogo/Psicóloga Psychologist
60%
Publicista Publicist
60%
Recepcionista Receptionist
60%
Refugiado/Refugiada Refugee
60%
Reportero/Reportera Reporter
60%
Residente Resident
60%
Corredor(a)/Corredera Runner
60%
Científico/Científica Scientist
60%
Secretario/Secretaria Secretary
60%
Senador/Senadora Senator
60%
Siervo/Sierva Servant
60%
Hermanos (also brothers) Sibling
60%
Cuñada Sister-in-law
60%
Soldado Soldier
60%
Especialista Specialist
60%
Estudiante Student
60%
Superhéroe Superhero
60%
Nadador/Nadadora Swimmer
60%
Profesor(a)/Docente Teacher
60%
Técnico/Técnica Technician
60%
Adolescente Teenager
60%
Terrorista Terrorist
60%
Turista Tourist
60%
Viajero/Viajera Traveller
60%
Tío Uncle
60%
Veterano/Veterana Veteran
60%
Vicepresidente(a) Vice president
60%
Víctima Victim
60%
Villano/Villana Villain
60%
Visitante Visitor
60%
Voluntario/Voluntaria Volunteer
60%
Mesero/Mesera Waiter
60%
Gringo(a)/Blanquito(a) White person
60%
Esposa Wife
60%
Mujer Woman
60%
Contador/Contadora/Contable Accountant
40%
Adversario/Adversaria Adversary
40%
Aliado/Aliada Ally
40%
Anarquista Anarchist
40%
Antepasado(a)/Antecesor(a) Ancestor
40%
Banda Band
40%
Banquero/Banquera Banker
40%
Bárbaro/Bárbara Barbarian
40%
Campista Camper
40%
Hijos/Niños Children
40%
Payaso Clown
40%
Columnista Columnist
40%
Comediante/Humorista Comedian
40%
Conquistador/Conquistadora Conqueror
40%
Conservacionista Conservationist
40%
Compañero(a) de trabajo Co-worker
40%
Bailarina/Bailarín/Bailador(a) Dancer
40%
Demandado(a)/Acusado(a) Defendant
40%
Delincuente (also offender) Delinquent
40%
Descendiente/Descendente Descendant
40%
Diseñador/Diseñadora Designer
40%
Déspota Despot
40%
Desarrollador/Desarrolladora Developer
40%
Despachador/Despachadora Dispatcher
40%
Disidente Dissident
40%
Conductor/Conductora Driver
40%
Ecologista Ecologist
40%
Embalsamador/Embalsamadora Embalmer
40%
Emperador/Emperatriz (female) Emperor
40%
Expansionista Expansionist
40%
Extranjero/Extranjera Foreigner
40%
Fundador/Fundadora Founder
40%
Novia (also bride) Girlfriend
40%
Invitado/Invitada Guest
40%
Hedonista Hedonist
40%
Heraldo/Heralda (also harbinger) Herald
40%
Historiador/Historiadora Historian
40%
Ídolo Idol
40%
Entrevistador/Entrevistadora Interviewer
40%
Juez/Jueza Judge
40%
Dama Lady
40%
Salvavidas Lifeguard
40%
Lingüista Linguist
40%
Majestad/Majestuosidad Majesty
40%
Hombre Man
40%
Mártir Martyr
40%
Masoquista Masochist
40%
Matriarca Matriarch
40%
Médium Medium
40%
Mercenario/Mercenaria Mercenary
40%
Mensajero/Mensajera Messenger
40%
Minero/Minera Miner
40%
Señor (also lord, sir)/Don (also sir) Mister
40%
Narrador/Narradora Narrator
40%
Vecino/Vecina Neighbour
40%
Nómada Nomad
40%
Operador(a)/Operario/Telefonista Operator
40%
Opresor/Opresora Oppressor
40%
Huérfano/Huérfana Orphan
40%
Dueño/Dueña Owner
40%
Pacifista Pacifist
40%
Patrón Patron
40%
Gente/Personas/Pueblo (also village) People
40%
Perpetrador/Perpetradora Perpetrator
40%
Filántropo/Filántropa Philanthropist
40%
Pionero/Pionera Pioneer
40%
Plomero/Plomera Plumber
40%
Papa Pope
40%
Populista Populist
40%
Productor/Productora Producer
40%
Profesional Professional
40%
Programador/Programadora Programmer
40%
Profeta Prophet
40%
Árbitro Referee
40%
Rival Rival
40%
Compañero de cuarto/Compañero de habitación Roommate
40%
Marinero/Marinera Sailor
40%
San/Santo/Santa Saint
40%
Salvador/Salvadora Saviour
40%
Guarda de seguridad/Guardia de seguridad/Vigilante de seguridad Security guard
40%
Anciano/Anciana Senior
40%
Separatista Separatist
40%
Cantante/Cantor(a) Singer
40%
Esclavo/Esclava Slave
40%
Yerno Son-in-law
40%
Orador/Hablante Speaker
40%
Hermanastra (also stepbrother) Stepsister
40%
Extraño/Extraña Stranger
40%
Supervillano/Supervillana Supervillain
40%
Supremacista Supremacist
40%
Cirujano/Cirujana Surgeon
40%
Superviviente Survivor
40%
Compañero(a) de equipo Teammate
40%
Ladrón Thief
40%
Viajero(a) en el tiempo/Viajero(a) del tiempo Time traveller
40%
Traidor/Traidora Traitor
40%
Vagrante Vagrant
40%
Veterinario/Veterinaria Veterinarian
40%
Votante/Elector(a) Voter
40%
Guerrero/Guerrera Warrior
40%
Bruja (female)/Brujo (male) Witch
40%
Testigo Witness
40%
Trabajador(a)/Obrero(a) Worker
40%
Cómplice Accomplice
20%
Administrador/Administradora Administrator
20%
Aventurero/Aventurera Adventurer
20%
Agresor(a)/Victimario(a) (also assailant) Aggressor
20%
Alquimista Alchemist
20%
Animador/Animadora Animator
20%
Anunciador(a)/Locutor(a) (also presenter, broadcaster) Announcer
20%
Aprendiz/Aprendiza Apprentice
20%
Árbitro/Arbitrador/Arbitradora Arbiter
20%
Arqueólogo/Arqueóloga Archeologist
20%
Arquero/Arquera Archer
20%
Pirómano/Incendiario(a) Arsonist
20%
Asaltante Assailant
20%
Astrónomo/Astrónoma Astronomer
20%
Autócrata Autocrat
20%
Niñero/Niñera Babysitter
20%
Bandido(a)/Bandolero Bandit
20%
Cajero(a) de banco/Empleada(o) del banco Bank teller
20%
Apicultor/Apicultora Beekeeper
20%
Mendigo(a)/Limosnero(a)/Pordiosero(a) Beggar
20%
Creyente Believer
20%
Biógrafo/Biógrafa Biographer
20%
Burócrata Bureaucrat
20%
Carnicero/Carnicera Butcher
20%
Comprador/Compradora Buyer
20%
Cajero/Cajera Cashier
20%
Reparto/Elenco Cast
20%
Canciller/Rector(a) Chancellor
20%
Porrista Cheerleader
20%
Colega Colleague
20%
Combatiente Combatant
20%
Comandante Commander
20%
Compañero/Compañera Companion
20%
Concubina Concubine
20%
Consumidor/Consumidora Consumer
20%
Contratista Contractor
20%
Médico forense (also medical examiner)/Forense (also forensic) Coroner
20%
Cobarde Coward
20%
Cultista Cultist
20%
Curador/Curadora Curator
20%
Cliente Customer
20%
Yerna/Nuera Daughter-in-law
20%
Negador/Negadora Denier
20%
Destructor/Destructora Destroyer
20%
Detenido/Detenida Detainee
20%
Deuteragonista Deuteragonist
20%
Dietista Dietitian
20%
Diplomático/Diplomática Diplomat
20%
Discípulo/Discípula Disciple
20%
Descubridor/Descubridora Discoverer
20%
Egiptólogo/Egiptóloga Egyptologist
20%
Emisario/Emisaria Emissary
20%
Empleador/Empleadora Employer
20%
Empresario(a)/Emprendedor(a) Entrepreneur
20%
Expatriado/Expatriada Expatriate
20%
Explorador/Exploradora Explorer
20%
Exportador/Exportadora Exporter
20%
Madrina Godmother
20%
Tipos (slang) Guys
20%
Gimnasta Gymnast
20%
Hereje/Herético Heretic
20%
Anfitrión Host
20%
Humanista Humanist
20%
Higienista Hygienist
20%
Ilustrador/Ilustradora Illustrator
20%
Importador/Importadora Importer
20%
Influenciador/Influenciadora Influencer
20%
Inspector/Inspectora Inspector
20%
Instructor/Instructora Instructor
20%
Intermediario/Intermediaria Intermediary
20%
Intruso/Intrusa Intruder
20%
Matador/Matadora Killer
20%
Caballero (also gentlemen) Knight
20%
Amante Lover
20%
Manipulador/Manipuladora Manipulator
20%
Matrón/Matrona Matron
20%
Alcalde Mayor
20%
Monarca Monarch
20%
Mutante Mutant
20%
Nacionalista Nationalist
20%
Necromante/Nigromante Necromancer
20%
Monja Nun
20%
Observador/Observadora Observer
20%
Oligarca Oligarch
20%
Oráculo Oracle
20%
Socio/Pareja Partner
20%
Pastor/Pastora Pastor
20%
Campesino/Campesina Peasant
20%
Demandante Plaintiff
20%
Cazador(a) furtivo(a) Poacher
20%
Políglota/Polígloto Polyglot
20%
Precursor/Precursora Precursor
20%
Progenitor/Progenitora Progenitor
20%
Protestante (also protestant) Protestor
20%
Psiquiatra/Siquiatra Psychiatrist
20%
Lector/Lectora Reader
20%
Destinatario/Destinataria (also addressee) Recipient
20%
Reclusa/Recluso Recluse
20%
Pariente Relative
20%
Sadomasoquista Sadomasochist
20%
Estafador/Estafadora Scammer
20%
Vendedor/Vendedora Seller
20%
Pecador/Pecadora Sinner
20%
Espectador/Espectadora Spectator
20%
Padrastro Stepfather
20%
Madrastra Stepmother
20%
Estratega Strategist
20%
Suscriptor/Suscriptora Subscriber
20%
Terapeuta/Terapista Therapist
20%
Guía turístico Tour guide
20%
Usurpador/Usurpadora Usurper
20%
Vagabundo/Vagabunda Vagabond
20%
Criminal de guerra War criminal
20%
Mujeriego Womanizer
20%
Sionista Zionist
20%
Cuidador del zoo/Guardián del zoo Zookeeper
20%
Raptor(a)/Secuestrador(a) (also kidnapper) Abductor
0%
Acólito Acolyte
0%
Egresado (also graduate)/Alumno Alumni
0%
Aficionado/Aficionada Amateur
0%
Apóstol Apostle
0%
Subastador/Subastadora Auctioneer
0%
Camarero/Cantinero Bartender
0%
Principiante Beginner
0%
Postor(a)/Pujador(a)/Licitador(a)/Licitante Bidder
0%
Guardaespalda Bodyguard
0%
Cazador(a) de recompensas Bounty hunter
0%
Abusón/Bravucón/Bravucona Bully
0%
Transeúnte (also passerby) Bystander
0%
Camarógrafo Cameraman
0%
Conserje Caretaker
0%
Charlatán Charlatan
0%
Engañador(a)/Tramposa(o) Cheater
0%
Quiropráctico/Quiropráctica Chiropractor
0%
Clero/Clérigo Clergy
0%
Colector(a)/Coleccionista/Recaudador(a)/Recolector(a)/Cobrador(a) Collector
0%
Comisario/Comisaria Commissioner
0%
Comunero(a)/Plebeyo (also plebian) Commoner
0%
Consultor/Consultora Consultant
0%
Contribuidor/Contribuidora Contributor
0%
Conversacionalista Conversationalist
0%
Concejal Councilor
0%
Primo(a) político(a) Cousin in-law
0%
Tripulación Crew
0%
Custodio Custodian
0%
Buceador(a)/Buzo Diver
0%
Donador/Donadora Doner
0%
Emir Emir
0%
Enviada/Enviado Envoy
0%
Verdugo Executioner
0%
Aeromozo/Aeromoza Flight attendant
0%
Pandilla/Corillo (also friend group) Gang
0%
Heredero/Heredera Heir
0%
Secuaces Henchmen
0%
Senderista Hiker
0%
Autoestopista/Polizón (also stowaway) Hitchhiker
0%
Sicario Hitman
0%
Acaparador/Acaparadora Hoarder
0%
Rehén Hostage
0%
Infantil Infant
0%
Insurreccionalista/Insurrecto Insurrectionist
0%
Becario/Becaria Intern
0%
Invasor/Invasora Invader
0%
Inversor(a)/Inversionista Investor
0%
Propietario(a)/Arrendador(a)/Casero(a)/Terrateniente Landlord
0%
Cartero (also mailman) Letter carrier
0%
Mago/Maga Mage
0%
Sirvienta/Criada Maid
0%
Gerente Manager
0%
Comerciante (also trader) Merchant
0%
Súbdito Minion
0%
Misionero/Misionera Missionary
0%
Agente funerario Mortician
0%
Novato(a)/Novicio(a) Novice
0%
Ortodontista Orthodontist
0%
Fuereño(a)/Forastero Outsider
0%
Peatón Pedestrian
0%
Faraón Pharaoh
0%
Peregrino/Peregrina Pilgrim
0%
Proxeneta/Chulo/Padrote/Cafiche/Cafiolo Pimp
0%
Predicador/Predicadora Preacher
0%
Sacerdote Priest
0%
Prodigio Prodigy
0%
Propagandista Propagandist
0%
Fiscal Prosecutor
0%
Regulador/Reguladora Regulator
0%
Rescatador(a)/Rescatista Rescuer
0%
Jubilado/Jubilada Retiree
0%
Gobernante Ruler
0%
Chivo expiatorio/Cabeza de turco Scapegoat
0%
Erudito/Erudita (also erudite) Scholar
0%
Asesino serial Serial killer
0%
Poblador/Pobladora Settler
0%
Chamán Shaman
0%
Miembro de la alta sociedad/Socialita Socialite
0%
Estudiante de segundo año Sophomore
0%
Portavoz Spokesperson
0%
Acechador/Acechadora Stalker
0%
Hijastra Stepdaughter
0%
Hijastro (also stepchild) Stepson
0%
Sultán Sultan
0%
Suministrador/Suministradora Supplier
0%
Partidario Supporter
0%
Simpatizante Sympathizer
0%
Sastre Tailor
0%
Domador/Domadora Tamer
0%
Traficante Trafficker
0%
Magnate Tycoon
0%
Tirano/Tirana Tyrant
0%
Vendedor/Vendedora Vendor
0%
Vicedirector/Vicedirectora/Subdirector(a) Vice principal
0%
Visor/Visora Viewer
0%
Aldeano/Aldeana Villager
0%
Celador/Celadora Warden
0%
Caudillo Warlord
0%
Adorador(a)/Feligrés Worshiper
0%
No matching quizzes found
Score Distribution
Percent of People with Each Score
Percentile by Number Answered
Your Score History
You have not taken this quiz since the last reset